000 00263nam a22000977a 4500
005 20250901165418.0
008 210325b ||||| |||| 00| 0 eng d
050 _aHF5823 .S53 2009
245 _aADVERTISING AND PROMOTIONS AN IMC PERSPECTIVE
_cSHAH, KRUTI
942 _2lcc
999 _c3546
_d3546